| 000 | 00903nam a22002535a 4500 | ||
|---|---|---|---|
| 003 | OSt | ||
| 005 | 20170226115825.0 | ||
| 008 | 170226s2009 ua frb 000 0 ara d | ||
| 015 | _a2009 / 23704 | ||
| 020 | _a9789770462943 | ||
| 040 |
_aEG-ScBUE _bara _cEG-ScBUE |
||
| 043 | _af-ua--- | ||
| 082 | 0 | 4 |
_a346.620668 _bم ؤ م _222 |
| 100 | 1 | _aمؤمن، طاهر شوقي. | |
| 245 | 1 | 2 |
_aالاستحواذ على الشركة : _bدراسة نظرية وتطبيقية / _cطاهر شوقي مؤمن. |
| 260 |
_aالقاهرة : _bدار النهضة العربية، _c2009. |
||
| 300 |
_a121 ص. ؛ _c24 سم. |
||
| 500 | _aيشتمل على قائمة بالمختصرات. | ||
| 504 | _aيشتمل على إرجاعات ببليوجرافية. | ||
| 650 | 7 |
_aالشركات _xقوانين وتشريعات _zمصر. _2BUEsh |
|
| 651 | _2BUEsh | ||
| 653 |
_bLLAAWW _cFebruary2017 |
||
| 942 | _2ddc | ||
| 999 |
_c24257 _d24229 |
||